[Event "Bad Woerishofen Sen"]
[Site "Bad Woerishofen"]
[Date "2001.??.??"]
[Round "9"]
[White "Malik, Heinz"]
[Black "Gruebling, Karl-Heinz"]
[Result "1/2-1/2"]
[WhiteElo "1700"]
[BlackElo "1635"]
[Annotator "ChessOrg"]
[PlyCount "48"]
[EventDate "1998.03.05"]
[Source "ChessBase"]
[SourceDate "1998.04.29"]

1. d4 Nf6 2. c4 e6 3. Nc3 d5 4. Bg5 Be7 5. Nf3 c6 6. e3 Nbd7 7. c5 h6 8. Bh4
Nh7 9. Bxe7 Qxe7 10. Bd3 Ng5 11. O-O e5 12. Nxg5 hxg5 13. f4 e4 14. Be2 gxf4
15. Rxf4 Nf6 16. Qf1 Be6 17. b4 O-O-O 18. b5 Bd7 19. a4 Rh6 20. bxc6 Bxc6 21.
Bb5 g5 22. Rf5 Qc7 23. g3 Rdh8 24. Ra2 Qe7 1/2-1/2

[Event "Bad Woerishofen Sen"]
[Site "Bad Woerishofen"]
[Date "2001.??.??"]
[Round "2"]
[White "Malik, Rosemarie"]
[Black "Kleinwaechter, Matthias"]
[Result "0-1"]
[WhiteElo "1700"]
[BlackElo "2041"]
[Annotator "ChessOrg"]
[PlyCount "72"]
[EventDate "1998.03.05"]
[Source "ChessBase"]
[SourceDate "1998.04.29"]

1. e4 c5 2. Nc3 a6 3. Nf3 d6 4. d4 cxd4 5. Nxd4 Nf6 6. Be3 e6 7. Bd3 Be7 8. f3
Nc6 9. a3 Qc7 10. Qd2 Rb8 11. O-O O-O 12. Rab1 b5 13. Nxc6 Qxc6 14. Ne2 Bb7 15.
Ng3 Qc7 16. Bf4 Rbc8 17. Rbc1 Qb8 18. Kh1 Rc6 19. b4 Rfc8 20. c3 Qc7 21. Ne2
Nd7 22. Bg5 Ne5 23. Bxe7 Qxe7 24. Rc2 h6 25. Rd1 R6c7 26. Nd4 d5 27. Re1 Qh4
28. Rcc1 Nxd3 29. Qxd3 dxe4 30. fxe4 Qf4 31. Ne2 Qxe4 32. Qxe4 Bxe4 33. Kg1 Rc4
34. Nd4 Bg6 35. Re3 Rxd4 36. cxd4 Rxc1+ 0-1

[Event "Bad Woerishofen Sen"]
[Site "Bad Woerishofen"]
[Date "2001.??.??"]
[Round "4"]
[White "Malik, Rosemarie"]
[Black "Wolf, Margot"]
[Result "1/2-1/2"]
[WhiteElo "1700"]
[BlackElo "1243"]
[Annotator "ChessOrg"]
[PlyCount "34"]
[EventDate "1998.03.05"]
[Source "ChessBase"]
[SourceDate "1998.04.29"]

1. e4 c6 2. Nc3 d5 3. exd5 cxd5 4. d4 Nf6 5. Nf3 e6 6. Bb5+ Bd7 7. Bxd7+ Nbxd7
8. a3 Be7 9. Be3 O-O 10. O-O Re8 11. h3 Qb6 12. Rb1 Qa6 13. Qd2 Bd6 14. Rfd1
Nb6 15. Bg5 Be7 16. Qd3 Qc4 17. Qxc4 Nxc4 1/2-1/2

[Event "Bad Woerishofen Sen"]
[Site "Bad Woerishofen"]
[Date "2001.??.??"]
[Round "6"]
[White "Malik, Rosemarie"]
[Black "Krueger, Manfred"]
[Result "1/2-1/2"]
[WhiteElo "1700"]
[BlackElo "1700"]
[Annotator "ChessOrg"]
[PlyCount "83"]
[EventDate "1998.03.05"]
[Source "ChessBase"]
[SourceDate "1998.04.29"]

1. e4 e5 2. Nf3 Nc6 3. Bb5 a6 4. Ba4 b5 5. Bb3 Bc5 6. O-O d6 7. c3 Rb8 8. d4
exd4 9. cxd4 Ba7 10. Be3 Na5 11. Nbd2 Nxb3 12. Qxb3 h6 13. d5 Bb6 14. Bxb6 Rxb6
15. Rac1 Nf6 16. h3 O-O 17. Qc3 Rb7 18. b4 Re8 19. Rfe1 Re7 20. Nd4 Bd7 21. Qg3
Qe8 22. f3 Re5 23. Nf5 Bxf5 24. exf5 Nxd5 25. Rxe5 dxe5 26. Ne4 Qe7 27. a3 Nf4
28. Re1 f6 29. Kh2 Ra7 30. Rd1 Kh7 31. Qf2 Ra8 32. g3 Nh5 33. Qc2 Qf7 34. Nc5
a5 35. Rd7 Qg8 36. Ne6 axb4 37. axb4 Ra1 38. Rxc7 Qa8 39. Rc8 Qxf3 40. Nf8+ Kg8
41. Ne6+ Kh7 42. Nf8+ 1/2-1/2

[Event "Bad Woerishofen Sen"]
[Site "Bad Woerishofen"]
[Date "2001.??.??"]
[Round "9"]
[White "Malik, Rosemarie"]
[Black "Kuhnert, Werner"]
[Result "1/2-1/2"]
[WhiteElo "1700"]
[BlackElo "1116"]
[Annotator "ChessOrg"]
[PlyCount "53"]
[EventDate "1998.03.05"]
[Source "ChessBase"]
[SourceDate "1998.04.29"]

1. e4 e6 2. d4 d5 3. exd5 exd5 4. Nf3 Nf6 5. Nbd2 Nc6 6. h3 Bb4 7. a3 Bd6 8.
Bb5 Bd7 9. b4 Qe7+ 10. Qe2 Qxe2+ 11. Bxe2 O-O 12. O-O Rfe8 13. Re1 Nd8 14. Bb2
c6 15. c4 a6 16. Bd3 Rxe1+ 17. Rxe1 Ne6 18. c5 Bc7 19. Bc2 Re8 20. Kf1 Nf4 21.
Rxe8+ Bxe8 22. Bc1 Ng6 23. Bxg6 fxg6 24. Ne5 Nd7 25. Ndf3 h6 26. Nxd7 Bxd7 27.
h4 1/2-1/2

[Event "Bad Woerishofen Sen"]
[Site "Bad Woerishofen"]
[Date "2001.??.??"]
[Round "1"]
[White "Malin, Klaus"]
[Black "Leschhorn, Heinrich"]
[Result "0-1"]
[WhiteElo "1616"]
[BlackElo "1821"]
[Annotator "ChessOrg"]
[PlyCount "108"]
[EventDate "1998.03.05"]
[Source "ChessBase"]
[SourceDate "1998.04.29"]

1. e4 Nf6 2. Nc3 d5 3. exd5 Nxd5 4. Nxd5 Qxd5 5. d3 e5 6. Qf3 Qc5 7. c3 Nc6 8.
Ne2 Be6 9. g3 Bd5 10. Qg4 Bxh1 11. Bh3 Rd8 12. Be3 Qd5 13. O-O-O Bf3 14. c4
Bxg4 15. cxd5 Bxh3 16. dxc6 bxc6 17. Bxa7 Bg4 18. Rd2 c5 19. Nc3 Bd7 20. Ne4
Bc6 21. Bxc5 Bxc5 22. Nxc5 O-O 23. b4 Rd4 24. a3 Rfd8 25. Kb2 e4 26. Kc3 exd3
27. Kb3 Bd5+ 28. Kc3 Be6 29. Nb7 Rc4+ 30. Kb2 Rdd4 31. Nc5 Rc2+ 32. Rxc2 dxc2
33. Kxc2 Kf8 34. Kc3 Rc4+ 35. Kd3 Rxc5 36. bxc5 Ke7 37. Kc3 Kd7 38. Kb4 Kc6 39.
a4 Bc8 40. Kc4 Kb7 41. Kd5 Bd7 42. f4 Bxa4 43. f5 Bb3+ 44. Kd4 Bd1 45. Kd5 Bg4
46. Ke5 Kc6 47. f6 g6 48. Kd4 h5 49. Kc4 Kd7 50. Kd5 c6+ 51. Ke5 Bh3 52. Kf4
Ke6 53. Kg5 Kd5 54. Kh4 Be6 0-1

[Event "Bad Woerishofen Sen"]
[Site "Bad Woerishofen"]
[Date "2001.??.??"]
[Round "3"]
[White "Malin, Klaus"]
[Black "Krueger, Manfred"]
[Result "1-0"]
[WhiteElo "1616"]
[BlackElo "1700"]
[Annotator "ChessOrg"]
[PlyCount "133"]
[EventDate "1998.03.05"]
[Source "ChessBase"]
[SourceDate "1998.04.29"]

1. e4 e5 2. Nf3 Nc6 3. Bc4 Be7 4. O-O d6 5. h3 Nf6 6. Re1 O-O 7. a3 a6 8. c3 b5
9. Ba2 a5 10. d4 exd4 11. cxd4 Bb7 12. Nbd2 Rb8 13. Nf1 b4 14. Ng3 Bc8 15. Bd2
bxa3 16. bxa3 Ra8 17. Qc2 Bb7 18. Rac1 Qd7 19. d5 Ne5 20. Nxe5 dxe5 21. Qxc7
Bd6 22. Qxd7 Nxd7 23. Nf5 Bb8 24. Ne7+ Kh8 25. Rc3 Nf6 26. Bb1 g6 27. Nc6 Bd6
28. Rf3 Bxc6 29. Rxf6 Rad8 30. dxc6 Bxa3 31. Bxa5 Ra8 32. Bc7 Be7 33. Rf3 f6
34. Rd3 Bc5 35. Red1 Bd4 36. Rb3 Kg7 37. Bd6 Rfd8 38. Rb7+ Kh6 39. Rd7 Rxd7 40.
cxd7 Rd8 41. Kf1 Rxd7 42. Bf8+ Kh5 43. g3 Rb7 44. Bd3 g5 45. Be2+ Kg6 46. g4
Rb3 47. Kg2 Rb2 48. Kf3 Rb3+ 49. Rd3 Rb1 50. Ba3 Rb8 51. Bc1 Rh8 52. Be3 Bxe3
53. Rxe3 h5 54. gxh5+ Rxh5 55. Kg3 Rh4 56. Bg4 Rh8 57. Bf5+ Kh5 58. Rc3 Rd8 59.
Rc7 Rh8 60. Rh7+ Rxh7 61. Bxh7 Kh6 62. Bf5 Kh5 63. f3 Kh6 64. Kg4 Kg7 65. Kh5
Kf7 66. Kh6 Kf8 67. Kg6 1-0

[Event "Bad Woerishofen Sen"]
[Site "Bad Woerishofen"]
[Date "2001.??.??"]
[Round "5"]
[White "Malin, Klaus"]
[Black "Homes, Helmut"]
[Result "0-1"]
[WhiteElo "1616"]
[BlackElo "1789"]
[Annotator "ChessOrg"]
[PlyCount "90"]
[EventDate "1998.03.05"]
[Source "ChessBase"]
[SourceDate "1998.04.29"]

1. e4 e5 2. Nf3 Nc6 3. Bc4 Nf6 4. O-O Nxe4 5. d4 d5 6. Bb5 Bg4 7. h3 Bxf3 8.
Qxf3 exd4 9. a3 Be7 10. Qd3 O-O 11. Bxc6 bxc6 12. Qxd4 Bc5 13. Qd1 Qf6 14. Be3
Bxe3 15. fxe3 Qxb2 16. Nd2 Qe5 17. Nf3 Qg3 18. Qd4 Rfe8 19. Rae1 Re6 20. Re2
Ng5 21. Nxg5 Qxg5 22. Rf4 Qe5 23. Qc5 Qd6 24. Qc3 c5 25. Ref2 f6 26. Qb3 Rae8
27. R4f3 c4 28. Qc3 Qb6 29. Qd2 Qc5 30. Re2 c6 31. Qb4 Qxb4 32. axb4 d4 33. Kf2
Kf7 34. g4 g6 35. Re1 Rxe3 36. Rfxe3 Rxe3 37. Rxe3 dxe3+ 38. Kxe3 Ke6 39. Kd4
Kd6 40. Kxc4 f5 41. Kd4 fxg4 42. hxg4 h5 43. c4 h4 44. Ke3 Ke5 45. Kf3 g5 0-1

[Event "Bad Woerishofen Sen"]
[Site "Bad Woerishofen"]
[Date "2001.??.??"]
[Round "7"]
[White "Malin, Klaus"]
[Black "Ruppelt, Guenter"]
[Result "1-0"]
[WhiteElo "1616"]
[BlackElo "1700"]
[Annotator "ChessOrg"]
[PlyCount "77"]
[EventDate "1998.03.05"]
[Source "ChessBase"]
[SourceDate "1998.04.29"]

1. e4 d6 2. d4 Nf6 3. Nc3 g6 4. h3 Bg7 5. Nf3 c6 6. Be2 b5 7. a3 a6 8. O-O O-O
9. Bg5 Nbd7 10. e5 dxe5 11. dxe5 Ne8 12. Qd2 Nc7 13. Rad1 Qe8 14. Bf4 Ne6 15.
Bg3 Ndc5 16. b4 Nd7 17. Ne4 Nb6 18. Nfg5 Nxg5 19. Qxg5 Bf5 20. Bd3 Nd7 21. f4
f6 22. exf6 exf6 23. Qh4 Bxe4 24. Bxe4 Nb6 25. f5 g5 26. Qg4 Nc4 27. Qf3 Rc8
28. Rfe1 Qf7 29. Bxc6 Kh8 30. Rd7 Qxd7 31. Bxd7 Rcd8 32. Be6 Rd4 33. Bxc4 Rxc4
34. Qd3 Rc6 35. Bf2 h6 36. Bc5 Rg8 37. Qd7 Rcc8 38. g4 Rcd8 39. Qf7 1-0

[Event "Bad Woerishofen Sen"]
[Site "Bad Woerishofen"]
[Date "2001.??.??"]
[Round "1"]
[White "Manfeldt, Alfred"]
[Black "Bierwisch, Bernhard"]
[Result "1-0"]
[WhiteElo "1730"]
[BlackElo "2161"]
[Annotator "ChessOrg"]
[PlyCount "77"]
[EventDate "1998.03.05"]
[Source "ChessBase"]
[SourceDate "1998.04.29"]

1. d4 Nf6 2. Nf3 g6 3. Bg5 Bg7 4. e3 c5 5. Nbd2 b6 6. Bc4 Bb7 7. O-O O-O 8. Re1
d5 9. Be2 Ne4 10. Nxe4 dxe4 11. Nd2 h6 12. Bf4 cxd4 13. exd4 Qxd4 14. c3 Qf6
15. Be3 Qc6 16. Qb3 Kh7 17. Rad1 f5 18. Bb5 Qc7 19. g3 Nc6 20. Nc4 Rad8 21.
Rxd8 Rxd8 22. Rd1 Rxd1+ 23. Qxd1 Qd8 24. Qxd8 Nxd8 25. Bf4 Bc6 26. Ba6 Bd5 27.
a4 Bxc4 28. Bxc4 e5 29. Be3 Nc6 30. Bd5 Ne7 31. Bb7 g5 32. a5 bxa5 33. Bxa7 Kg8
34. b3 Kf7 35. Bb6 Ke6 36. Bxa5 Nd5 37. c4 Nf6 38. Bc8+ Nd7 39. c5 1-0

[Event "Bad Woerishofen Sen"]
[Site "Bad Woerishofen"]
[Date "2001.??.??"]
[Round "3"]
[White "Manfeldt, Alfred"]
[Black "Kies, Werner"]
[Result "1-0"]
[WhiteElo "1730"]
[BlackElo "1981"]
[Annotator "ChessOrg"]
[PlyCount "131"]
[EventDate "1998.03.05"]
[Source "ChessBase"]
[SourceDate "1998.04.29"]

1. d4 f5 2. Bg5 g6 3. Nf3 Bg7 4. c3 Nf6 5. Nbd2 d6 6. e3 h6 7. Bxf6 Bxf6 8. Bc4
e6 9. Qb3 Qe7 10. h4 c6 11. O-O-O b5 12. Be2 Nd7 13. Kb1 Nb6 14. e4 d5 15. e5
Bg7 16. Ne1 a5 17. Nd3 O-O 18. Nf4 Qb7 19. Nxg6 Rf7 20. Qc2 Bd7 21. Nb3 Na4 22.
Bh5 Be8 23. Nf4 Re7 24. Rh3 Kf8 25. Rg3 Bxh5 26. Nxh5 b4 27. c4 dxc4 28. Qxc4
Qb5 29. Rc1 Nc3+ 30. Rcxc3 bxc3 31. Rxc3 a4 32. Qxb5 cxb5 33. Nc5 Rd8 34. Rg3
Rde8 35. Nf4 Kf7 36. h5 Rc8 37. Nfd3 Rc6 38. Rg6 Re8 39. g4 fxg4 40. Rxg4 Bf8
41. Rf4+ Kg7 42. Rf6 Bxc5 43. Nxc5 Re7 44. Rg6+ Kh7 45. Ne4 Rf7 46. Nf6+ Rxf6
47. Rxf6 Rc4 48. Rf4 b4 49. b3 axb3 50. axb3 Rc3 51. Kb2 Rh3 52. Rf7+ Kg8 53.
Re7 Rxh5 54. Rxe6 Rh4 55. d5 Rd4 56. d6 h5 57. Rf6 Kg7 58. Rf3 h4 59. Kc2 Rd5
60. Re3 Kf7 61. f4 Ke6 62. Rh3 Rc5+ 63. Kd2 Rc3 64. Rxh4 Rxb3 65. Rh6+ Kd7 66.
f5 1-0

[Event "Bad Woerishofen Sen"]
[Site "Bad Woerishofen"]
[Date "2001.??.??"]
[Round "5"]
[White "Manfeldt, Alfred"]
[Black "Ziltener, Werner"]
[Result "0-1"]
[WhiteElo "1730"]
[BlackElo "2049"]
[Annotator "ChessOrg"]
[PlyCount "94"]
[EventDate "1998.03.05"]
[Source "ChessBase"]
[SourceDate "1998.04.29"]

1. d4 f5 2. Bg5 d5 3. Nf3 Nd7 4. e3 Ngf6 5. Nbd2 e6 6. Be2 Bd6 7. h4 c6 8. c3
Qb6 9. Qc2 Ne4 10. Nxe4 fxe4 11. Nh2 Qc7 12. g3 O-O 13. Bg4 e5 14. O-O-O h6 15.
dxe5 Nxe5 16. Bxc8 Raxc8 17. Bf4 Nd3+ 18. Kb1 b5 19. f3 Nxf4 20. gxf4 Rce8 21.
fxe4 Rxe4 22. Rd3 Qe7 23. Ng4 h5 24. Ne5 Bxe5 25. fxe5 Qxe5 26. Rg1 Rxh4 27.
Rd4 Rh2 28. Qg6 Qf5+ 29. Qxf5 Rxf5 30. Ka1 Rff2 31. Rb1 Re2 32. Rd3 h4 33. a4
bxa4 34. c4 h3 35. cxd5 cxd5 36. Ka2 Rhg2 37. Rxd5 Rxe3 38. Rh5 a3 39. Ka1 Rxb2
40. Rxb2 axb2+ 41. Kxb2 Kf7 42. Ra5 Re7 43. Rh5 Re2+ 44. Kc3 h2 45. Kd3 Ra2 46.
Ke3 Kg6 47. Rh3 Ra3+ 0-1

[Event "Bad Woerishofen Sen"]
[Site "Bad Woerishofen"]
[Date "2001.??.??"]
[Round "7"]
[White "Manfeldt, Alfred"]
[Black "Gruebling, Karl-Heinz"]
[Result "0-1"]
[WhiteElo "1730"]
[BlackElo "1635"]
[Annotator "ChessOrg"]
[PlyCount "105"]
[EventDate "1998.03.05"]
[Source "ChessBase"]
[SourceDate "1998.04.29"]

1. d4 Nf6 2. Nf3 e6 3. e3 d5 4. Bd3 b6 5. Nbd2 Ba6 6. Ne5 Bxd3 7. Nxd3 c5 8. b3
Bd6 9. Bb2 Nc6 10. O-O cxd4 11. exd4 Rc8 12. c4 Bb8 13. c5 O-O 14. cxb6 Qxb6
15. Nc5 Rfd8 16. Nf3 Nd7 17. Rc1 Bf4 18. Rc2 Rc7 19. Qe2 Nxc5 20. dxc5 Qa5 21.
g3 Bh6 22. a3 d4 23. Rd1 Rcd7 24. Rd3 Qc7 25. b4 a6 26. Rc4 e5 27. Nh4 g6 28.
Ng2 f5 29. f3 Bg7 30. Bc1 Re7 31. Bg5 e4 32. Rd1 d3 33. Qf1 Ne5 34. Bxe7 Qxe7
35. Rcc1 Nxf3+ 36. Kh1 Bh6 37. Nf4 Bxf4 38. gxf4 Qh4 39. Qg2 Qxf4 40. c6 d2 41.
Rc5 Qe3 42. Qf1 Qf4 43. Qe2 e3 44. c7 Rc8 45. Rf1 Qd4 46. Qxf3 Qe4 47. Rd5 Rxc7
48. Kg2 e2 49. Qxe4 fxe4 50. Kf2 exf1=Q+ 51. Kxf1 Rc1+ 52. Ke2 e3 53. Re5 0-1

[Event "Bad Woerishofen Sen"]
[Site "Bad Woerishofen"]
[Date "2001.??.??"]
[Round "9"]
[White "Manfeldt, Alfred"]
[Black "Kaiser, Hans"]
[Result "0-1"]
[WhiteElo "1730"]
[BlackElo "1681"]
[Annotator "ChessOrg"]
[PlyCount "66"]
[EventDate "1998.03.05"]
[Source "ChessBase"]
[SourceDate "1998.04.29"]

1. d4 Nf6 2. Nf3 e6 3. e3 c5 4. c3 Nc6 5. Bd3 a6 6. Nbd2 Be7 7. O-O O-O 8. dxc5
Bxc5 9. Qc2 h6 10. b4 Be7 11. Bb2 d5 12. Rfd1 b5 13. Nd4 Ne5 14. Be2 Bb7 15. a4
bxa4 16. Rxa4 Qb6 17. Rda1 Rfc8 18. Qb3 Ned7 19. Qa2 e5 20. N4b3 Qe6 21. Na5
Rc7 22. Nxb7 Rxb7 23. Rxa6 Rxa6 24. Qxa6 Rb6 25. Qc8+ Kh7 26. Bd3+ e4 27. Be2
Rc6 28. Qa8 Bd6 29. g3 Ne5 30. Nb3 Qh3 31. Nd2 Nfg4 32. Nf1 Nf3+ 33. Kh1 Nxf2#
0-1

[Event "Bad Woerishofen Sen"]
[Site "Bad Woerishofen"]
[Date "2001.??.??"]
[Round "2"]
[White "Margraf, Achim"]
[Black "Ohmstede, Rudolf"]
[Result "1-0"]
[WhiteElo "1913"]
[BlackElo "1648"]
[Annotator "ChessOrg"]
[PlyCount "80"]
[EventDate "1998.03.05"]
[Source "ChessBase"]
[SourceDate "1998.04.29"]

1. Nf3 Nf6 2. c4 c5 3. e3 d6 4. b3 Bg4 5. Be2 Nc6 6. Bb2 e5 7. d3 Be7 8. Nbd2
Qd7 9. a3 O-O 10. O-O a5 11. Bc3 h6 12. Re1 Bf5 13. Nf1 Rab8 14. Ng3 Bh7 15.
Qd2 b6 16. Rad1 Qc7 17. h3 Rbd8 18. Nh4 d5 19. Nhf5 d4 20. exd4 exd4 21. Bb2
Bd6 22. Nxd6 Qxd6 23. Bc1 Rfe8 24. f4 Re3 25. Nf1 Re7 26. Bf3 Rde8 27. Rxe7
Rxe7 28. Qf2 Nd8 29. Qh4 Nd7 30. g4 Ne6 31. g5 Nef8 32. gxh6 gxh6 33. Ng3 Qf6
34. Qg4+ Qg6 35. Kf2 Nf6 36. Qh4 N8d7 37. f5 Ng4+ 38. hxg4 Qd6 39. Ne4 Qe5 40.
Qxh6 Qg7 1-0

[Event "Bad Woerishofen Sen"]
[Site "Bad Woerishofen"]
[Date "2001.??.??"]
[Round "4"]
[White "Margraf, Achim"]
[Black "Wunderer, Eckart"]
[Result "1/2-1/2"]
[WhiteElo "1913"]
[BlackElo "2139"]
[Annotator "ChessOrg"]
[PlyCount "57"]
[EventDate "1998.03.05"]
[Source "ChessBase"]
[SourceDate "1998.04.29"]

1. Nf3 Nf6 2. c4 d6 3. e3 e5 4. d3 g6 5. b3 Bg7 6. Bb2 Nbd7 7. Be2 O-O 8. O-O
b6 9. Nc3 Bb7 10. Qc2 Rc8 11. Rad1 Qe7 12. a3 c6 13. b4 d5 14. Rfe1 Nh5 15. Qb3
Nhf6 16. Bf1 Rcd8 17. Ne2 c5 18. Nd2 Qd6 19. Ng3 h5 20. Be2 h4 21. Ngf1 h3 22.
g3 Qe6 23. Qc2 dxc4 24. Qxc4 Bd5 25. Qh4 Bg2 26. g4 cxb4 27. axb4 Nd5 28. Ne4
f6 29. b5 1/2-1/2

[Event "Bad Woerishofen Sen"]
[Site "Bad Woerishofen"]
[Date "2001.??.??"]
[Round "5"]
[White "Margraf, Achim"]
[Black "Weigel, Herbert"]
[Result "0-1"]
[WhiteElo "1913"]
[BlackElo "2153"]
[Annotator "ChessOrg"]
[PlyCount "118"]
[EventDate "1998.03.05"]
[Source "ChessBase"]
[SourceDate "1998.04.29"]

1. Nf3 d5 2. e3 c6 3. c4 e6 4. b3 Nf6 5. Bb2 Bd6 6. Be2 O-O 7. O-O Qe7 8. d4
Rd8 9. Qc2 Nbd7 10. Nbd2 b6 11. cxd5 cxd5 12. Qc6 Rb8 13. Rac1 Bb7 14. Qc2 Rbc8
15. Qb1 Rxc1 16. Rxc1 Ne4 17. Nf1 Qf6 18. Bd3 Bb8 19. Qc2 g5 20. Qe2 Qg7 21.
N3d2 Nxd2 22. Nxd2 f5 23. Ba6 Ba8 24. Bb5 g4 25. Bc6 Bxc6 26. Rxc6 Qe7 27. Qa6
Nf6 28. Rc8 Qd7 29. Rxd8+ Qxd8 30. Qb7 Qd6 31. Nf1 Qc7 32. Qxc7 Bxc7 33. Nd2
Bd6 34. g3 Bb4 35. Bc1 Bxd2 36. Bxd2 Kf7 37. Kg2 Ne4 38. Be1 Ng5 39. Bb4 h5 40.
a4 Ke8 41. Be1 Kd7 42. Bb4 a5 43. Be1 Kd6 44. Bc3 Kc6 45. Be1 Kb7 46. Bd2 Ka6
47. Be1 b5 48. axb5+ Kxb5 49. Bd2 a4 50. bxa4+ Kxa4 51. Bc3 Kb3 52. Ba5 Kc2 53.
Bd8 Nf3 54. h3 Kd1 55. hxg4 hxg4 56. Kf1 Nd2+ 57. Kg2 Ke2 58. Bg5 Ne4 59. Bf4
Nxf2 0-1

[Event "Bad Woerishofen Sen"]
[Site "Bad Woerishofen"]
[Date "2001.??.??"]
[Round "9"]
[White "Margraf, Achim"]
[Black "Homes, Helmut"]
[Result "1-0"]
[WhiteElo "1913"]
[BlackElo "1789"]
[Annotator "ChessOrg"]
[PlyCount "81"]
[EventDate "1998.03.05"]
[Source "ChessBase"]
[SourceDate "1998.04.29"]

1. Nf3 d5 2. b3 c5 3. e3 Nc6 4. Bb2 Bg4 5. Be2 e6 6. d3 Nf6 7. Nbd2 Be7 8. O-O
O-O 9. c4 h6 10. Rc1 b6 11. Re1 Re8 12. Nf1 dxc4 13. bxc4 Qd6 14. Ng3 Rad8 15.
Qa4 e5 16. Rcd1 Bd7 17. Qb3 Qe6 18. Nd2 Bd6 19. a3 Na5 20. Qc2 Bc6 21. Bc3 Nb7
22. Qb2 Bc7 23. e4 a6 24. Nf5 b5 25. Nf1 Nd6 26. N5e3 bxc4 27. f3 cxd3 28. Bxd3
Bb5 29. Bb1 Rb8 30. Qf2 Nc4 31. Nf5 Nd6 32. N1e3 Nxf5 33. Nxf5 Nh5 34. Bd2 Qg6
35. Kh1 Bb6 36. Be3 c4 37. Rd6 Bxe3 38. Qxe3 Qg5 39. Qf2 Nf4 40. h4 Qh5 41. g4
1-0

[Event "Bad Woerishofen Sen"]
[Site "Bad Woerishofen"]
[Date "2001.??.??"]
[Round "1"]
[White "Marzluf, Dieter"]
[Black "Gestrich, Wolfgang"]
[Result "1/2-1/2"]
[WhiteElo "1811"]
[BlackElo "1594"]
[Annotator "ChessOrg"]
[PlyCount "83"]
[EventDate "1998.03.05"]
[Source "ChessBase"]
[SourceDate "1998.04.29"]

1. d4 Nf6 2. Bf4 d6 3. e3 g6 4. c3 Nh5 5. Bg3 Nxg3 6. hxg3 Nd7 7. Nd2 e5 8. Bc4
c6 9. Bb3 Bg7 10. Ngf3 d5 11. dxe5 Nxe5 12. Nxe5 Bxe5 13. Nf3 Bf6 14. Qe2 Qe7
15. O-O-O Bf5 16. Nd4 Bxd4 17. Rxd4 O-O-O 18. Bc2 Bxc2 19. Qxc2 h5 20. Rdh4 Qe5
21. Qa4 Kb8 22. Rb4 Qc7 23. Rbh4 f5 24. Qf4 Qxf4 25. gxf4 b5 26. R4h3 Rd6 27.
Rg3 Re8 28. Rg5 a5 29. Rh3 Ree6 30. a3 Kb7 31. Kc2 Kb6 32. Kd3 c5 33. Rh1 c4+
34. Kd2 a4 35. Rd1 Kc5 36. Rg3 Re8 37. Rh3 Ree6 38. Rhh1 Re4 39. Ke2 Re8 40.
Kf3 Ree6 41. Kg3 Kc6 42. Rhe1 1/2-1/2

[Event "Bad Woerishofen Sen"]
[Site "Bad Woerishofen"]
[Date "2001.??.??"]
[Round "3"]
[White "Marzluf, Dieter"]
[Black "Bartlitz, Heinz"]
[Result "1-0"]
[WhiteElo "1811"]
[BlackElo "1571"]
[Annotator "ChessOrg"]
[PlyCount "51"]
[EventDate "1998.03.05"]
[Source "ChessBase"]
[SourceDate "1998.04.29"]

1. d4 d6 2. Bf4 f5 3. e3 Nf6 4. Nd2 g6 5. Be2 Bg7 6. h4 h6 7. c3 c6 8. Qc2 Nbd7
9. Ngf3 Nh5 10. O-O-O Qa5 11. a3 Qc7 12. Bh2 Nhf6 13. e4 Nf8 14. e5 Ng4 15.
exd6 exd6 16. Bg3 Nh7 17. Nc4 Bf8 18. Bd3 Be7 19. Rde1 O-O 20. Rxe7 Qxe7 21.
Bxd6 Qf7 22. Bxf8 Kxf8 23. Nce5 Nxe5 24. Nxe5 Qe6 25. Rh3 Bd7 26. Bc4 1-0

[Event "Bad Woerishofen Sen"]
[Site "Bad Woerishofen"]
[Date "2001.??.??"]
[Round "5"]
[White "Marzluf, Dieter"]
[Black "Tessmer, Herbert"]
[Result "1/2-1/2"]
[WhiteElo "1811"]
[BlackElo "1700"]
[Annotator "ChessOrg"]
[PlyCount "28"]
[EventDate "1998.03.05"]
[Source "ChessBase"]
[SourceDate "1998.04.29"]

1. d4 Nf6 2. Bf4 e6 3. e3 d5 4. c3 c5 5. Nd2 Nc6 6. Bd3 Bd7 7. Ngf3 cxd4 8.
exd4 Qb6 9. Qb3 Qxb3 10. axb3 Nh5 11. Bg3 Nxg3 12. hxg3 Bd6 13. Bb5 Nb8 14. Bd3
Nc6 1/2-1/2

[Event "Bad Woerishofen Sen"]
[Site "Bad Woerishofen"]
[Date "2001.??.??"]
[Round "7"]
[White "Marzluf, Dieter"]
[Black "Kies, Werner"]
[Result "1/2-1/2"]
[WhiteElo "1811"]
[BlackElo "1981"]
[Annotator "ChessOrg"]
[PlyCount "99"]
[EventDate "1998.03.05"]
[Source "ChessBase"]
[SourceDate "1998.04.29"]

1. d4 g6 2. Bf4 Bg7 3. c3 d6 4. e4 Nc6 5. Bb5 Bd7 6. Nf3 e6 7. O-O Nge7 8. Qd2
h6 9. h4 a6 10. Ba4 d5 11. e5 Nf5 12. g3 Bf8 13. Kg2 b5 14. Bc2 b4 15. a3 a5
16. Rh1 Rb8 17. g4 Nfe7 18. Bd3 Rb6 19. axb4 axb4 20. c4 dxc4 21. Bxc4 Nd5 22.
Be3 Nce7 23. Qe2 h5 24. g5 Bc6 25. Nfd2 Nf5 26. Ra6 Rxa6 27. Bxa6 Qb8 28. Bd3
Be7 29. Rc1 Ba8 30. Bb5+ Kf8 31. Bd3 Nxh4+ 32. Kh3 Nf3 33. Nxf3 Nxe3 34. Qxe3
Qb7 35. Nh4 Kg7 36. f3 Qb6 37. f4 Rd8 38. Rc4 Bd5 39. Rc1 Bb7 40. Bxg6 fxg6 41.
Qd3 Rxd4 42. Qxg6+ Kf8 43. Qxh5 Be4 44. Qh8+ Kf7 45. g6+ Bxg6 46. Nxg6 Rd3+ 47.
Kg4 Rg3+ 48. Kxg3 Qe3+ 49. Kg4 Qe2+ 50. Kg3 1/2-1/2

[Event "Bad Woerishofen Sen"]
[Site "Bad Woerishofen"]
[Date "2001.??.??"]
[Round "8"]
[White "Marzluf, Dieter"]
[Black "Geissler, Dieter"]
[Result "1/2-1/2"]
[WhiteElo "1811"]
[BlackElo "2070"]
[Annotator "ChessOrg"]
[PlyCount "60"]
[EventDate "1998.03.05"]
[Source "ChessBase"]
[SourceDate "1998.04.29"]

1. d4 d5 2. Bf4 Nf6 3. e3 c6 4. c3 Bf5 5. Bd3 Bxd3 6. Qxd3 Nbd7 7. Nd2 h6 8.
Ngf3 e6 9. h3 Qb6 10. O-O a5 11. a4 Be7 12. e4 dxe4 13. Nxe4 Nxe4 14. Qxe4 Nf6
15. Qc2 Nd5 16. Bd2 O-O 17. Rfe1 c5 18. c4 Nb4 19. Bxb4 Qxb4 20. d5 Bf6 21.
dxe6 fxe6 22. Rxe6 Rae8 23. Rxe8 Rxe8 24. Rd1 Re6 25. Rd5 Rb6 26. Qf5 Rc6 27.
Ne5 Qe1+ 28. Kh2 Rd6 29. Qc8+ Kh7 30. Qf5+ Kg8 1/2-1/2

[Event "Bad Woerishofen Sen"]
[Site "Bad Woerishofen"]
[Date "2001.??.??"]
[Round "1"]
[White "Meyts, Jozef"]
[Black "Kies, Werner"]
[Result "0-1"]
[WhiteElo "1700"]
[BlackElo "1981"]
[Annotator "ChessOrg"]
[PlyCount "48"]
[EventDate "1998.03.05"]
[Source "ChessBase"]
[SourceDate "1998.04.29"]

1. e4 c5 2. Nf3 d6 3. d4 cxd4 4. Nxd4 Nf6 5. Nc3 a6 6. Be3 e6 7. Be2 Be7 8. f4
Qc7 9. O-O Nc6 10. a3 Bd7 11. Kh1 Rc8 12. f5 e5 13. Nb3 Na5 14. Nd5 Nxd5 15.
exd5 Nc4 16. Bxc4 Qxc4 17. c3 Qb5 18. a4 Qc4 19. Na5 Qc7 20. b4 Qxc3 21. Rc1
Qxe3 22. Rxc8+ Bxc8 23. Rf3 Qb6 24. Rc3 O-O 0-1

[Event "Bad Woerishofen Sen"]
[Site "Bad Woerishofen"]
[Date "2001.??.??"]
[Round "3"]
[White "Meyts, Jozef"]
[Black "Thonig, Manfred"]
[Result "0-1"]
[WhiteElo "1700"]
[BlackElo "1587"]
[Annotator "ChessOrg"]
[PlyCount "72"]
[EventDate "1998.03.05"]
[Source "ChessBase"]
[SourceDate "1998.04.29"]

1. e4 e5 2. Nf3 d6 3. Bc4 Qe7 4. Nc3 c6 5. a3 b5 6. Ba2 Nf6 7. d3 h6 8. O-O Bg4
9. h3 Bh5 10. g4 Bg6 11. Nh4 Nbd7 12. Nxg6 fxg6 13. Qe2 Nc5 14. b4 Ne6 15. Be3
g5 16. Bxe6 Qxe6 17. Rae1 h5 18. Bxg5 Nh7 19. f4 Nxg5 20. fxg5 hxg4 21. hxg4
Rh4 22. Rf5 g6 23. Ref1 gxf5 24. exf5 Qg8 25. Ne4 O-O-O 26. c4 Qh8 27. Qf3 Rh3
28. Ng3 d5 29. cxb5 Qh4 30. Kf2 Qxg5 31. Kg2 Rh4 32. bxc6 Qxg4 33. f6 Qh3+ 34.
Kf2 Rf4 35. Qxf4 exf4 36. Ne2 f3 0-1